| 000 | 00457nam a2200193Ia 4500 | ||
|---|---|---|---|
| 005 | 20240823021841.0 | ||
| 008 | 240823s9999||||xx |||||||||||||| ||und|| | ||
| 020 | _a81-7224-721-4 | ||
| 041 | _aENGLISH | ||
| 082 | _A823 P3 | ||
| 100 | _aArthur Conan Doyle | ||
| 245 | 4 | _aThe Last Adventurs of Sherlock Holmes | |
| 250 | _a1st | ||
| 260 |
_c2003 _b"Jaico,B" _aMumbai |
||
| 500 | _aYES | ||
| 650 |
_aGeneral _bGeneral |
||
| 942 | _cBK | ||
| 999 |
_c177866 _d177866 |
||